[Event "FIN-chT 1011"]
[Site "Finland"]
[Date "2010.09.19"]
[Round "2.2"]
[White "Nyysti, Sampsa"]
[Black "Valkesalmi, Kimmo"]
[Result "1/2-1/2"]
[WhiteElo "2365"]
[BlackElo "2364"]
[PlyCount "31"]
[EventDate "2010.09.18"]
[EventType "team-tourn"]
[EventRounds "9"]
[EventCountry "FIN"]
[SourceTitle "EXT 2012"]
[Source "ChessBase"]
[SourceDate "2011.11.24"]
[SourceVersion "1"]
[SourceVersionDate "2011.11.24"]
[SourceQuality "1"]
[WhiteTeam "Velhot"]
[BlackTeam "Etela Vantaan"]
[WhiteTeamCountry "FIN"]
[BlackTeamCountry "FIN"]

1. e4 Nc6 2. Nf3 e5 3. Bb5 Nge7 4. c3 a6 5. Ba4 d6 6. d4 Bd7 7. Be3 g6 8. 0-0 b6 9. Nbd2 Bg7 10. dxe5 dxe5 11. Bg5 0-0 12. b4 Qe8 13. Bb3 Kh8 14. Re1 f6 15. Bh4 Nd8 16. a4 1/2-1/2

[Event "FIN-chT 0809"]
[Site "Finland"]
[Date "2009.11.08"]
[Round "5.4"]
[White "Valkesalmi, Kimmo"]
[Black "Kosmo, Santul"]
[Result "1-0"]
[WhiteElo "2353"]
[BlackElo "2276"]
[PlyCount "69"]
[EventDate "2008.09.06"]
[EventType "team-tourn"]
[EventRounds "9"]
[EventCountry "FIN"]
[SourceTitle "EXT 2010"]
[Source "ChessBase"]
[SourceDate "2010.11.25"]
[SourceVersion "1"]
[SourceVersionDate "2010.11.25"]
[SourceQuality "1"]
[WhiteTeam "Vantaa EtVaS"]
[BlackTeam "Helsinki Velhot"]
[WhiteTeamCountry "FIN"]
[BlackTeamCountry "FIN"]

1. c4 Nf6 2. g3 c6 3. Qa4 e5 4. Bg2 Bc5 5. b4 Bd4 6. Nc3 Bxc3 7. dxc3 d6 8. Nf3 0-0 9. 0-0 Be6 10. c5 e4 11. Nd4 dxc5 12. Nxe6 fxe6 13. bxc5 Na6 14. Ba3 Qd5 15. Qb3 Rf7 16. Rad1 Qh5 17. Qc4 Raf8 18. h3 Nc7 19. Bc1 Ncd5 20. e3 Nd7 21. Rd2 N5f6 22. Qxe6 Nxc5 23. Qc4 b5 24. Qe2 Qe5 25. c4 Nd3 26. Bb2 Nxb2 27. Rxb2 bxc4 28. Rc2 c3 29. Qc4 Qb5 30. Rxc3 Nd5 31. Qxb5 cxb5 32. Rc5 Nb4 33. Bxe4 a6 34. a3 Re7 35. Bb1 1-0

[Event "FIN-chT 0708"]
[Site "Finland"]
[Date "2008.03.08"]
[Round "8.3"]
[White "Volodin, Aleksandr"]
[Black "Valkesalmi, Kimmo"]
[Result "1/2-1/2"]
[WhiteElo "2368"]
[BlackElo "2360"]
[PlyCount "117"]
[EventDate "2007.09.15"]
[EventType "team-tourn"]
[EventRounds "9"]
[EventCountry "FIN"]
[SourceTitle "EXT 2022"]
[Source "ChessBase"]
[SourceDate "2021.10.06"]
[SourceVersion "1"]
[SourceVersionDate "2021.10.06"]
[SourceQuality "1"]
[WhiteTeam "Joensuu SK"]
[BlackTeam "Vantaa EtVaS"]
[WhiteTeamCountry "FIN"]
[BlackTeamCountry "FIN"]

1. d4 d5 2. c4 Bf5 3. Nc3 e6 4. Nf3 c6 5. Qb3 Qb6 6. c5 Qc7 7. Bf4 Qc8 8. Nh4 Ne7 9. e3 Ng6 10. Nxf5 Nxf4 11. exf4 exf5 12. Bd3 g6 13. 0-0 Be7 14. Rfe1 Kf8 15. Qb4 Qc7 16. Re3 Kg7 17. g3 Bf6 18. Rae1 Nd7 19. Bf1 Nf8 20. Bg2 Rd8 21. Ne2 Ne6 22. Qd2 Rhe8 23. Rc1 Kg8 24. Rcc3 Re7 25. b4 Qd7 26. Rb3 a6 27. a4 Ra8 28. h4 Qe8 29. Bf3 Qf8 30. Rbd3 Qg7 31. Bg2 Ree8 32. Kf1 Reb8 33. Qc3 Re8 34. Kg1 Re7 35. Rd1 Rae8 36. Qd3 Kf8 37. Bf3 Kg8 38. Kg2 Kf8 39. Qd2 Ra8 40. Rb3 Kg8 41. Qd3 Ree8 42. Rbb1 Rec8 43. Rd2 Rcb8 44. Qc3 Rc8 45. Rh1 h5 46. Rhd1 Qf8 47. Qb3 Qd8 48. Rc2 Rab8 49. Qa2 Ra8 50. Qb3 Rab8 51. Qd3 Ra8 52. Kg1 Rab8 53. Rb1 Ra8 54. Rcb2 Qf8 55. Rb3 Qg7 56. Rd1 Rcb8 57. Bg2 Rc8 58. Kh2 Re8 59. Kg1 1/2-1/2

[Event "FIN-chT 0001"]
[Site "Finland"]
[Date "2001.03.11"]
[Round "9.7"]
[White "Hokkanen, Petri"]
[Black "Valkesalmi, Kimmo"]
[Result "1/2-1/2"]
[WhiteElo "2247"]
[BlackElo "2373"]
[PlyCount "41"]
[EventDate "2000.11.07"]
[EventType "team-tourn"]
[EventRounds "9"]
[EventCountry "FIN"]
[SourceTitle "EXT 2022"]
[Source "ChessBase"]
[SourceDate "2021.10.06"]
[SourceVersion "1"]
[SourceVersionDate "2021.10.06"]
[SourceQuality "1"]
[WhiteTeam "Tampere Taraus"]
[BlackTeam "Helsinki Garde"]
[WhiteTeamCountry "FIN"]
[BlackTeamCountry "FIN"]

1. e4 Nc6 2. Nf3 d6 3. d4 Nf6 4. Nc3 Bg4 5. Bb5 a6 6. Bxc6+ bxc6 7. Qe2 e6 8. Bg5 Be7 9. h3 Bxf3 10. Qxf3 Nd7 11. Bxe7 Qxe7 12. 0-0-0 0-0 13. d5 c5 14. h4 Rab8 15. Qd3 Qf6 16. f3 Rb6 17. b3 Rb4 18. Qe3 Rd4 19. g3 e5 20. Rdf1 Rb4 21. Qg5 1/2-1/2

[Event "FIN-chT 0001"]
[Site "Finland"]
[Date "2001.01.13"]
[Round "6.5"]
[White "Valkesalmi, Kimmo"]
[Black "Tuominen, Risto"]
[Result "1/2-1/2"]
[WhiteElo "2373"]
[BlackElo "2179"]
[PlyCount "127"]
[EventDate "2000.11.07"]
[EventType "team-tourn"]
[EventRounds "9"]
[EventCountry "FIN"]
[SourceTitle "EXT 2022"]
[Source "ChessBase"]
[SourceDate "2021.10.06"]
[SourceVersion "1"]
[SourceVersionDate "2021.10.06"]
[SourceQuality "1"]
[WhiteTeam "Helsinki Garde"]
[BlackTeam "Turku TS"]
[WhiteTeamCountry "FIN"]
[BlackTeamCountry "FIN"]

1. Nf3 Nf6 2. g3 g6 3. Bg2 Bg7 4. 0-0 0-0 5. d3 d6 6. c4 e5 7. Nc3 Nc6 8. Rb1 a5 9. a3 h6 10. b4 axb4 11. axb4 Be6 12. b5 Ne7 13. Bb2 Qd7 14. Ra1 Bh3 15. Rxa8 Rxa8 16. Qb3 Bxg2 17. Kxg2 Nh5 18. Ra1 Rb8 19. Ra4 Kh7 20. Qa2 f5 21. Ra8 Rxa8 22. Qxa8 c6 23. bxc6 bxc6 24. Na4 f4 25. c5 fxg3 26. hxg3 Qg4 27. cxd6 Nf5 28. Kf1 Nxd6 29. Nxe5 Qh3+ 30. Ke1 Nxg3 31. fxg3 Qxg3+ 32. Kd1 Bxe5 33. Qa7+ Kg8 34. Qb8+ Kf7 35. Qc7+ Kf8 36. Qb8+ Kf7 37. Qc7+ Kf8 38. Ba3 Kg8 39. Qxc6 Qf4 40. Kc2 Nf5 41. Qxg6+ Kh8 42. Qe8+ Kh7 43. Bc5 Ng7 44. Qc6 h5 45. Nb6 Qf6 46. Qb7 Qe6 47. Nc4 Bf6 48. Kd1 h4 49. Qg2 h3 50. Qg3 Qf5 51. Bd6 Nh5 52. Qf3 Qxf3 53. exf3 Bg5 54. Bh2 Bf4 55. Bg1 Kg6 56. Nd2 Be3 57. Bh2 Kf5 58. Ne4 Nf4 59. Ng3+ Kg5 60. Ke1 Ng2+ 61. Ke2 Bd4 62. Ne4+ Kh4 63. Bg3+ Kh5 64. Bh2 1/2-1/2

[Event "Helsinki Sanomat"]
[Site "Helsinki"]
[Date "2001.??.??"]
[Round "?"]
[White "Valkesalmi, Kimmo"]
[Black "Yrjola, Jouni"]
[Result "1-0"]
[WhiteElo "2368"]
[BlackElo "2413"]
[PlyCount "67"]
[EventDate "2001.12.??"]
[EventType "game"]
[EventRounds "1"]
[EventCountry "FIN"]
[SourceTitle "EXT 2004"]
[Source "ChessBase"]
[SourceDate "2003.11.25"]
[SourceVersion "1"]
[SourceVersionDate "2003.11.25"]
[SourceQuality "1"]

1. c4 b6 2. b3 Bb7 3. Bb2 e6 4. d3 f5 5. Nd2 Nf6 6. Ngf3 g6 7. g3 Bg7 8. Bg2 0-0 9. 0-0 Qe7 10. Re1 d6 11. e4 fxe4 12. Ng5 e5 13. Ngxe4 Nxe4 14. Nxe4 Nd7 15. d4 Rae8 16. d5 Nc5 17. Nxc5 bxc5 18. Qd2 Qf7 19. Re2 Bc8 20. h3 Bf6 21. Kh2 g5 22. g4 h5 23. Re4 hxg4 24. hxg4 Bd8 25. Kg1 Qg6 26. Rae1 Rf4 27. f3 Ref8 28. Bc1 Qh6 29. R1e2 R8f7 30. Qe1 Rxe4 31. Rxe4 Rh7 32. b4 cxb4 33. Qxb4 Qh2+ 34. Kf1 1-0

[Event "FIN-chT 0001"]
[Site "Finland"]
[Date "2000.11.23"]
[Round "1.5"]
[White "Linnanen, Lassi"]
[Black "Valkesalmi, Kimmo"]
[Result "0-1"]
[WhiteElo "2189"]
[BlackElo "2373"]
[PlyCount "100"]
[EventDate "2000.11.07"]
[EventType "team-tourn"]
[EventRounds "9"]
[EventCountry "FIN"]
[SourceTitle "EXT 2022"]
[Source "ChessBase"]
[SourceDate "2021.10.06"]
[SourceVersion "1"]
[SourceVersionDate "2021.10.06"]
[SourceQuality "1"]
[WhiteTeam "Helsinki Gaia"]
[BlackTeam "Helsinki Garde"]
[WhiteTeamCountry "FIN"]
[BlackTeamCountry "FIN"]

1. e4 Nc6 2. Nf3 e5 3. Nc3 g6 4. d4 exd4 5. Nxd4 Bg7 6. Nxc6 bxc6 7. Bc4 d6 8. 0-0 Be6 9. Bb3 Ne7 10. Bg5 h6 11. Bxe6 fxe6 12. Bh4 Rb8 13. Rb1 g5 14. Qh5+ Kd7 15. Bg3 Qe8 16. Qe2 Bxc3 17. bxc3 Qg6 18. c4 c5 19. e5 Nc6 20. exd6 cxd6 21. Rbd1 e5 22. Bxe5 Nxe5 23. Qxe5 Kc6 24. Qd5+ Kc7 25. Rfe1 Rhe8 26. h3 Rxe1+ 27. Rxe1 Re8 28. Rb1 Rb8 29. Rd1 Rb2 30. Re1 Qf6 31. a3 Rxc2 32. Rb1 Qxf2+ 33. Kh1 Rb2 34. Rxb2 Qxb2 35. Qf7+ Kb6 36. Qd7 Qc1+ 37. Kh2 Qf4+ 38. Kh1 Qxc4 39. Qxd6+ Ka5 40. Qc7+ Ka4 41. Qxa7+ Kb3 42. a4 Qc1+ 43. Kh2 Qf4+ 44. Kh1 c4 45. a5 c3 46. Qb6+ Qb4 47. Qe6+ Qc4 48. Qe3 Kb2 49. Qe5 Ka2 50. a6 c2 0-1

[Event "Helsinki op"]
[Site "Helsinki"]
[Date "2000.??.??"]
[Round "3"]
[White "Kochyev, Alexander"]
[Black "Valkesalmi, Kimmo"]
[Result "1/2-1/2"]
[WhiteElo "2429"]
[BlackElo "2351"]
[PlyCount "21"]
[EventDate "2000.??.??"]
[EventType "swiss"]
[EventRounds "5"]
[EventCountry "FIN"]
[SourceTitle "EXT 2001"]
[Source "ChessBase"]
[SourceDate "2000.11.22"]
[SourceVersion "1"]
[SourceVersionDate "2000.11.22"]
[SourceQuality "1"]

1. Nf3 d5 2. g3 c6 3. Bg2 Nf6 4. 0-0 Bg4 5. c4 e6 6. cxd5 exd5 7. d3 Be7 8. h3 Bxf3 9. Bxf3 0-0 10. Nc3 Nbd7 11. Bg2 1/2-1/2

[Event "FIN-ch"]
[Site "Helsinki"]
[Date "2000.??.??"]
[Round "4"]
[White "Norri, Joose"]
[Black "Valkesalmi, Kimmo"]
[Result "1-0"]
[WhiteElo "2400"]
[BlackElo "2351"]
[PlyCount "61"]
[EventDate "2000.06.09"]
[EventType "tourn"]
[EventRounds "13"]
[EventCountry "FIN"]
[EventCategory "4"]
[SourceTitle "EXT 2001"]
[Source "ChessBase"]
[SourceDate "2000.11.22"]
[SourceVersion "1"]
[SourceVersionDate "2000.11.22"]
[SourceQuality "1"]

1. Nf3 d5 2. g3 Nf6 3. Bg2 e6 4. 0-0 Be7 5. d4 0-0 6. c4 Ne4 7. b3 b6 8. Bb2 Bb7 9. Nbd2 f5 10. Ne5 Nd7 11. Nd3 g5 12. f3 Nef6 13. Qc2 c5 14. e3 Rc8 15. Rae1 b5 16. f4 cxd4 17. exd4 bxc4 18. bxc4 Ne4 19. c5 g4 20. Rb1 Ba6 21. Rfc1 Ndxc5 22. Nxc5 Rxc5 23. dxc5 Bxc5+ 24. Qxc5 Nxc5 25. Rxc5 Bd3 26. Rbc1 Qb6 27. Bd4 Qb4 28. Nb3 Bc4 29. Rc7 Bxb3 30. Rg7+ Kh8 31. Be5 1-0

[Event "FIN-ch"]
[Site "Helsinki"]
[Date "2000.??.??"]
[Round "10"]
[White "Valkesalmi, Kimmo"]
[Black "Holmsten, Aleksei"]
[Result "1/2-1/2"]
[WhiteElo "2351"]
[BlackElo "2364"]
[PlyCount "68"]
[EventDate "2000.06.09"]
[EventType "tourn"]
[EventRounds "13"]
[EventCountry "FIN"]
[EventCategory "4"]
[SourceTitle "EXT 2001"]
[Source "ChessBase"]
[SourceDate "2000.11.22"]
[SourceVersion "1"]
[SourceVersionDate "2000.11.22"]
[SourceQuality "1"]

1. c4 Nf6 2. g3 g6 3. Bg2 c5 4. Nc3 Bg7 5. a3 Nc6 6. Rb1 a5 7. d3 0-0 8. Bd2 d6 9. Nh3 Bd7 10. Nf4 Ne8 11. b3 Nc7 12. Qc1 Rb8 13. h4 h5 14. a4 Re8 15. Ne4 b6 16. Bc3 e5 17. Nd5 Bc8 18. Nxc7 Qxc7 19. Bd2 Bb7 20. Nc3 Ne7 21. Bxb7 Qxb7 22. e4 Qd7 23. Qd1 Rf8 24. Bg5 f6 25. Be3 Rf7 26. Rb2 Rbf8 27. f3 f5 28. Rf2 Kh7 29. Bg5 Nc6 30. Nb5 Qe6 31. 0-0 Bh8 32. Kg2 Bg7 33. Kg1 Bh8 34. Kg2 Bg7 1/2-1/2

[Event "FIN-ch"]
[Site "Helsinki"]
[Date "2000.??.??"]
[Round "3"]
[White "Valkesalmi, Kimmo"]
[Black "Karttunen, Mika"]
[Result "0-1"]
[WhiteElo "2351"]
[BlackElo "2313"]
[PlyCount "114"]
[EventDate "2000.06.09"]
[EventType "tourn"]
[EventRounds "13"]
[EventCountry "FIN"]
[EventCategory "4"]
[SourceTitle "EXT 2001"]
[Source "ChessBase"]
[SourceDate "2000.11.22"]
[SourceVersion "1"]
[SourceVersionDate "2000.11.22"]
[SourceQuality "1"]

1. Nf3 Nf6 2. g3 d5 3. Bg2 Nbd7 4. c4 e6 5. b3 Bd6 6. 0-0 0-0 7. Bb2 b6 8. Nc3 Bb7 9. cxd5 exd5 10. Nb5 Be7 11. Rc1 c5 12. d4 Re8 13. Nh4 Bf8 14. Nc3 Ne4 15. dxc5 Ndxc5 16. Nb5 Qd7 17. Nd4 Rac8 18. Nhf3 b5 19. Nc2 a5 20. Ne5 Qd8 21. Bh3 Rc7 22. Nd3 b4 23. Nd4 Ba6 24. Nf4 Nf6 25. Nf3 Nce4 26. Bxf6 Nxf6 27. Re1 Bc5 28. e3 Bb7 29. Nd3 Bd6 30. Rxc7 Qxc7 31. Nd4 Bf8 32. Qc1 Qb6 33. Nf4 Ne4 34. Nfe2 Qh6 35. Bd7 Rd8 36. Qc7 Qf6 37. f3 Nc5 38. Bb5 Ra8 39. Qf4 Qb6 40. Rc1 Ba6 41. Bxa6 Qxa6 42. Qf5 Rd8 43. Nf4 Qd6 44. Qc2 Qe5 45. Ng2 Re8 46. Rd1 g6 47. Ne2 Ne6 48. Qc6 Rd8 49. Nef4 Nxf4 50. gxf4 Qb2 51. Qc7 Rd6 52. Qxa5 Rc6 53. Qb5 Rc2 54. Qf1 Qxa2 55. Ne1 Rc3 56. Nd3 Qxb3 57. Rb1 Qc4 0-1

[Event "FIN-ch"]
[Site "Helsinki"]
[Date "2000.??.??"]
[Round "12"]
[White "Valkesalmi, Kimmo"]
[Black "Lampen, Timo"]
[Result "1/2-1/2"]
[WhiteElo "2351"]
[BlackElo "2307"]
[PlyCount "83"]
[EventDate "2000.06.09"]
[EventType "tourn"]
[EventRounds "13"]
[EventCountry "FIN"]
[EventCategory "4"]
[SourceTitle "EXT 2001"]
[Source "ChessBase"]
[SourceDate "2000.11.22"]
[SourceVersion "1"]
[SourceVersionDate "2000.11.22"]
[SourceQuality "1"]

1. g3 e5 2. c4 Nf6 3. Bg2 d5 4. cxd5 Nxd5 5. Nf3 Nc6 6. 0-0 Nb6 7. d3 Be7 8. Nbd2 Be6 9. a3 a5 10. b3 0-0 11. Bb2 f6 12. Rc1 Rf7 13. Qc2 Bf8 14. Rfd1 Qe8 15. Nc4 a4 16. b4 e4 17. Nd4 Nxd4 18. Bxd4 exd3 19. exd3 Nd5 20. Re1 Qd7 21. Bb2 Bh3 22. Be4 Rd8 23. d4 g6 24. Qd2 c6 25. Re2 Qg4 26. Rce1 Qh5 27. Qd3 Bg4 28. f3 Bd7 29. Bxd5 Qxd5 30. Nb6 Bf5 31. Qc3 Qb5 32. Nc4 Bd7 33. Bc1 g5 34. g4 b6 35. Kg2 c5 36. bxc5 bxc5 37. d5 Bc8 38. Rb2 Qd7 39. Ne3 Qd6 40. Nc4 Qd7 41. Ne3 Qd6 42. Nc4 1/2-1/2

[Event "EtVas Vantaa IM"]
[Site "Myyrmanni"]
[Date "1999.07.27"]
[Round "8"]
[White "Valkesalmi, Kimmo"]
[Black "Agopov, Mikael"]
[Result "1/2-1/2"]
[WhiteElo "2370"]
[BlackElo "2409"]
[PlyCount "65"]
[EventDate "1999.07.20"]
[EventType "tourn"]
[EventRounds "9"]
[EventCountry "FIN"]
[EventCategory "3"]
[SourceTitle "CBM 071 Extra"]
[Source "ChessBase"]
[SourceDate "1999.09.14"]
[SourceVersion "1"]
[SourceVersionDate "1999.09.14"]
[SourceQuality "1"]

1. c4 c6 2. g3 d5 3. Bg2 e5 4. cxd5 cxd5 5. Qb3 Nf6 6. Nc3 Be6 7. Qxb7 Nbd7 8. Qb5 Bc5 9. d3 0-0 10. Nf3 Rb8 11. Qa4 d4 12. Nb1 Bb4+ 13. Nbd2 Nc5 14. Qd1 Qd6 15. 0-0 Rfc8 16. Nc4 Bxc4 17. dxc4 Nce4 18. a3 Ba5 19. b4 Bd8 20. c5 Qe7 21. e3 dxe3 22. Bxe3 a5 23. Qe1 axb4 24. axb4 Nd5 25. Nh4 Rxb4 26. Nf5 Qe6 27. Bxe4 Rxe4 28. Nd6 Rxe3 29. fxe3 Rxc5 30. Nb7 Rc8 31. Nxd8 Rxd8 32. Qd2 Rf8 33. Ra5 1/2-1/2

[Event "EtVas Vantaa IM"]
[Site "Myyrmanni"]
[Date "1999.07.23"]
[Round "4"]
[White "Veingold, Aleksandr"]
[Black "Valkesalmi, Kimmo"]
[Result "1/2-1/2"]
[WhiteElo "2460"]
[BlackElo "2370"]
[PlyCount "68"]
[EventDate "1999.07.20"]
[EventType "tourn"]
[EventRounds "9"]
[EventCountry "FIN"]
[EventCategory "3"]
[SourceTitle "CBM 071 Extra"]
[Source "ChessBase"]
[SourceDate "1999.09.14"]
[SourceVersion "1"]
[SourceVersionDate "1999.09.14"]
[SourceQuality "1"]

1. d4 d5 2. Nf3 c6 3. c4 e6 4. Qc2 Be7 5. Bf4 Nf6 6. e3 0-0 7. h3 c5 8. dxc5 Bxc5 9. a3 Bd6 10. Bxd6 Qxd6 11. Nc3 dxc4 12. Bxc4 Nc6 13. Rd1 Qe7 14. 0-0 Bd7 15. e4 Qc5 16. Qe2 Ne5 17. Nxe5 Qxe5 18. f4 Qc5+ 19. Kh2 Rac8 20. Ba2 Bc6 21. e5 Nd5 22. Bxd5 Bxd5 23. Nxd5 exd5 24. Rf3 Rcd8 25. Rc3 Qb6 26. Rcd3 Qb5 27. R1d2 Rd7 28. Qe3 Rfd8 29. Qxa7 b6 30. a4 Qb4 31. Rxd5 Qxf4+ 32. Kg1 Rxd5 33. Rxd5 Qc1+ 34. Kf2 Qf4+ 1/2-1/2

[Event "FIN-chT 9900"]
[Site "Finland"]
[Date "1999.??.??"]
[Round "3"]
[White "Valkesalmi, Kimmo"]
[Black "Sorsa, Nuutti"]
[Result "1/2-1/2"]
[WhiteElo "2370"]
[BlackElo "2187"]
[PlyCount "116"]
[EventDate "1999.??.??"]
[EventType "team-tourn"]
[EventRounds "9"]
[EventCountry "FIN"]
[SourceTitle "EXT 2001"]
[Source "ChessBase"]
[SourceDate "2000.11.22"]
[SourceVersion "1"]
[SourceVersionDate "2000.11.22"]
[SourceQuality "1"]
[WhiteTeam "Helsinki Garde"]
[BlackTeam "Turku TS"]
[WhiteTeamCountry "FIN"]
[BlackTeamCountry "FIN"]

1. c4 e6 2. Nf3 Nf6 3. g3 d5 4. Bg2 Be7 5. 0-0 0-0 6. b3 c6 7. Bb2 a5 8. Nc3 Na6 9. d3 Nc7 10. e4 b5 11. Nd4 Bd7 12. exd5 exd5 13. cxb5 cxb5 14. Rc1 Bd6 15. h3 Re8 16. Re1 a4 17. Rxe8+ Qxe8 18. a3 Qe5 19. Nf3 Qh5 20. bxa4 bxa4 21. Nd4 Qxd1+ 22. Nxd1 Rb8 23. Rc2 Kf8 24. Ne3 Be5 25. Nc6 Rxb2 26. Nxe5 Rxc2 27. Nxc2 Ke7 28. Kf1 Be8 29. Ke2 Kd6 30. Nf3 Nd7 31. Nfd4 g6 32. Kd2 Nc5 33. Kc3 N5a6 34. Bf3 Bd7 35. h4 h6 36. Ne3 Be6 37. Bd1 Bd7 38. Nec2 g5 39. hxg5 hxg5 40. Ne3 f6 41. Nec2 Na8 42. Nb4 N6c7 43. Nbc2 Kc5 44. Nb4 Nb6 45. Be2 Nc8 46. Nbc2 Nd6 47. Kd2 Ndb5 48. Ke3 Nc3 49. f4 gxf4+ 50. gxf4 Nb1 51. Bh5 Bc8 52. Bd1 Bd7 53. Be2 Nb5 54. Nxb5 Bxb5 55. Bd1 Bd7 56. Bh5 Bb5 57. Bd1 Bd7 58. Bh5 Bb5 1/2-1/2

[Event "FIN-ch"]
[Site "Finland"]
[Date "1998.??.??"]
[Round "11"]
[White "Kanko, Ilkka"]
[Black "Valkesalmi, Kimmo"]
[Result "0-1"]
[WhiteElo "2270"]
[BlackElo "2375"]
[PlyCount "146"]
[EventDate "1998.??.??"]
[EventType "tourn"]
[EventRounds "11"]
[EventCountry "FIN"]
[SourceTitle "EXT 2000"]
[Source "ChessBase"]
[SourceDate "1999.11.16"]
[SourceVersion "1"]
[SourceVersionDate "1999.11.16"]
[SourceQuality "1"]

1. d4 d5 2. c4 c6 3. Nf3 e6 4. Nc3 Nf6 5. e3 Nbd7 6. Bd3 Bd6 7. 0-0 0-0 8. b3 h6 9. Bb2 Re8 10. e4 dxc4 11. bxc4 e5 12. d5 Nc5 13. h3 Bd7 14. Bc2 cxd5 15. cxd5 b5 16. Re1 Rc8 17. Nd2 Re7 18. Rc1 Qb6 19. Ne2 Nb7 20. Ng3 Bc5 21. Qe2 Bd4 22. Bxd4 Qxd4 23. Bb3 Nd6 24. Nf3 Qb4 25. Rxc8+ Nxc8 26. Rc1 a5 27. Nh4 a4 28. Bd1 Nd6 29. Bc2 Qb2 30. Qe1 Re8 31. Bd3 Rc8 32. Rb1 Qa3 33. Bf1 Nfe8 34. Nf3 f6 35. Qd2 Qc3 36. Qxc3 Rxc3 37. Ne1 Nc7 38. Bd3 Na6 39. Ne2 Ra3 40. Nc1 Nc5 41. f3 f5 42. Rb4 Rc3 43. Bc2 fxe4 44. fxe4 Ndxe4 45. Bxe4 Rxc1 46. Kf2 Kf8 47. Nf3 Ra1 48. Nxe5 Nxe4+ 49. Rxe4 Rxa2+ 50. Ke3 Ke7 51. Kd4 Rxg2 52. Kc5 Rc2+ 53. Kb4 Bxh3 54. Kxb5 Kd6 55. Kxa4 Kxd5 56. Re1 Rd2 57. Kb3 Bf5 58. Nc4 Rd3+ 59. Kb4 Be4 60. Ne3+ Kd4 61. Nc4 Bd5 62. Nd6 Rb3+ 63. Ka4 Rb8 64. Nf5+ Kc5 65. Rc1+ Bc4 66. Ka3 Rb3+ 67. Ka4 Rb6 68. Ka3 Ra6+ 69. Kb2 Kb4 70. Nxg7 Ra2+ 71. Kb1 Rg2 72. Rh1 Bd3+ 73. Kc1 Kc3 0-1

[Event "Heart of Finland op 08th"]
[Site "Jyvaskyla"]
[Date "1998.??.??"]
[Round "?"]
[White "Parkkinen, Jyrki"]
[Black "Valkesalmi, Kimmo"]
[Result "1/2-1/2"]
[WhiteElo "2155"]
[BlackElo "2375"]
[PlyCount "51"]
[EventDate "1998.07.??"]
[EventType "swiss"]
[EventRounds "9"]
[EventCountry "FIN"]
[SourceTitle "EXT 2000"]
[Source "ChessBase"]
[SourceDate "1999.11.16"]
[SourceVersion "1"]
[SourceVersionDate "1999.11.16"]
[SourceQuality "1"]

1. Nf3 d5 2. g3 Bg4 3. Bg2 Nd7 4. d4 e6 5. 0-0 Ngf6 6. c4 c6 7. Nbd2 Bd6 8. b3 0-0 9. Bb2 Qb8 10. Re1 e5 11. dxe5 Nxe5 12. Nxe5 Bxe5 13. Qc2 Re8 14. e4 dxe4 15. Nxe4 Bxb2 16. Qxb2 Nxe4 17. Rxe4 Rxe4 18. Bxe4 Qd6 19. Qc3 Rd8 20. Bf3 Bh3 21. Re1 Kf8 22. Qe3 a6 23. Qe2 Bf5 24. Qe3 Be6 25. Rd1 Qe7 26. Rxd8+ 1/2-1/2

[Event "Helsinki We RikSha op"]
[Site "Helsinki"]
[Date "1998.??.??"]
[Round "5"]
[White "Parkkinen, Jyrki"]
[Black "Valkesalmi, Kimmo"]
[Result "0-1"]
[WhiteElo "2155"]
[BlackElo "2375"]
[PlyCount "54"]
[EventDate "1998.??.??"]
[EventType "swiss"]
[EventRounds "5"]
[EventCountry "FIN"]
[SourceTitle "EXT 2000"]
[Source "ChessBase"]
[SourceDate "1999.11.16"]
[SourceVersion "1"]
[SourceVersionDate "1999.11.16"]
[SourceQuality "1"]

1. Nf3 d5 2. d4 e6 3. c4 c6 4. Nc3 Nf6 5. e3 Nbd7 6. a3 Bd6 7. Be2 0-0 8. 0-0 Re8 9. b4 dxc4 10. Bxc4 h6 11. Bb2 Qe7 12. Qb3 e5 13. dxe5 Nxe5 14. Nxe5 Bxe5 15. h3 b5 16. Be2 Be6 17. Qc2 Rac8 18. Rac1 Bb8 19. f4 a5 20. bxa5 Ba7 21. Rf3 Bd5 22. Nxd5 Nxd5 23. Kh1 Bxe3 24. Rg3 f6 25. Bh5 Bxc1 26. Bxe8 Qe1+ 27. Kh2 Bxf4 0-1

[Event "Heart of Finland op 08th"]
[Site "Jyvaskyla"]
[Date "1998.??.??"]
[Round "?"]
[White "Salmensuu, Olli"]
[Black "Valkesalmi, Kimmo"]
[Result "1/2-1/2"]
[WhiteElo "2375"]
[BlackElo "2375"]
[PlyCount "220"]
[EventDate "1998.07.??"]
[EventType "swiss"]
[EventRounds "9"]
[EventCountry "FIN"]
[SourceTitle "EXT 2000"]
[Source "ChessBase"]
[SourceDate "1999.11.16"]
[SourceVersion "1"]
[SourceVersionDate "1999.11.16"]
[SourceQuality "1"]

1. e4 Nc6 2. Nc3 e6 3. d4 Bb4 4. Nge2 Ba5 5. Ng3 Qh4 6. Be2 Nf6 7. Bf3 d6 8. Qd3 0-0 9. h3 Ne8 10. Be3 e5 11. d5 Nd8 12. 0-0-0 Bb6 13. Bg4 g6 14. Rdf1 Bxe3+ 15. Qxe3 f5 16. exf5 gxf5 17. Bf3 e4 18. Bxe4 fxe4 19. Ngxe4 Qf4 20. Qxf4 Rxf4 21. g3 Rf8 22. f4 Nf6 23. g4 Nxe4 24. Nxe4 b5 25. Rh2 Bb7 26. Rd2 Nf7 27. b3 Kh8 28. Rd4 Rae8 29. Kd2 Re7 30. Rf2 Bc8 31. a4 bxa4 32. Rxa4 a6 33. Rd4 h5 34. Nf6 hxg4 35. hxg4 Nh6 36. g5 Ng4 37. Nxg4 Bxg4 38. c4 Bf5 39. Rf3 Rfe8 40. Kc3 Re1 41. Rd2 Rc1+ 42. Kb2 Rb1+ 43. Ka2 Ree1 44. Ka3 Ra1+ 45. Ra2 Kg7 46. Rff2 Rxa2+ 47. Kxa2 Re3 48. Ka3 Kg6 49. Rh2 Bh3 50. Kb4 a5+ 51. Kxa5 Rxb3 52. c5 dxc5 53. Rc2 Rb4 54. Rxc5 Rxf4 55. Rxc7 Rf5 56. Kb6 Rxd5 57. Rc6+ Kg7 58. Rc7+ Kg8 59. Rc5 Rd3 60. Kb5 Kg7 61. Kb4 Kg6 62. Rc3 Rd4+ 63. Rc4 Rd1 64. Rc3 Bg4 65. Rc6+ Kxg5 66. Rc4 Kf6 67. Rc2 Bf5 68. Re2 Rc1 69. Re3 Be6 70. Re4 Ke7 71. Rd4 Re1 72. Kc5 Re5+ 73. Kb4 Bd5 74. Kc5 Bf3+ 75. Kc4 Ke6 76. Rd8 Bc6 77. Rh8 Kd6 78. Rh6+ Kc7 79. Kd4 Rd5+ 80. Ke3 Kb6 81. Rh2 Re5+ 82. Kf4 Re4+ 83. Kf5 Re1 84. Kf4 Kc5 85. Ra2 Kd6 86. Ra5 Rf1+ 87. Ke3 Bd5 88. Ra7 Ke5 89. Re7+ Be6 90. Ra7 Rh1 91. Kd2 Kd4 92. Ke2 Rh3 93. Ra4+ Bc4+ 94. Kf2 Rc3 95. Ra7 Rc2+ 96. Kg3 Ke5 97. Rg7 Bd5 98. Rg5+ Ke4 99. Rg4+ Ke3 100. Kh4 Bf3 101. Rg6 Kd4 102. Rf6 Ke4 103. Kg5 Rg2+ 104. Kh6 Rg3 105. Rg6 Bg4 106. Kg7 Kd4 107. Kf8 Ra3 108. Rg7 Ke4 109. Rc7 Re3 110. Re7+ Kd3 1/2-1/2

[Event "Helsinki We RikSha op"]
[Site "Helsinki"]
[Date "1998.??.??"]
[Round "3"]
[White "Sammalvuo, Tapani"]
[Black "Valkesalmi, Kimmo"]
[Result "1-0"]
[WhiteElo "2395"]
[BlackElo "2375"]
[PlyCount "73"]
[EventDate "1998.??.??"]
[EventType "swiss"]
[EventRounds "5"]
[EventCountry "FIN"]
[SourceTitle "EXT 2000"]
[Source "ChessBase"]
[SourceDate "1999.11.16"]
[SourceVersion "1"]
[SourceVersionDate "1999.11.16"]
[SourceQuality "1"]

1. d4 d5 2. c4 e6 3. Nc3 c6 4. Nf3 Nf6 5. e3 Nbd7 6. Qc2 Bd6 7. Be2 0-0 8. 0-0 Re8 9. Rd1 Qe7 10. a3 h6 11. h3 a6 12. b3 dxc4 13. bxc4 e5 14. c5 Bc7 15. Bc4 e4 16. Nd2 b5 17. cxb6 Nxb6 18. Bb3 a5 19. a4 Bd6 20. Rb1 Rb8 21. Nc4 Nxc4 22. Bxc4 Bd7 23. Bd2 Bc7 24. Qa2 g6 25. Rxb8 Rxb8 26. Ne2 Ne8 27. Bc3 Nd6 28. Bb3 Kh7 29. Nf4 Be8 30. Ba1 Nf5 31. d5 Bxf4 32. exf4 c5 33. d6 Nxd6 34. Qb2 f6 35. Bg8+ Kxg8 36. Qxb8 Nf5 37. Bxf6 1-0